Fighter Jet Close-Ups: Easy - Statistics

General Stats
  • This quiz has been taken 1,024 times
    795 since last reset
  • The average score is 11 of 12
Answer Stats
Picture Answer % Correct
F-22
99%
F-35
98%
F-16
97%
A-10
96%
F-14
90%
F-15
90%
F-4
89%
Eurofighter Typhoon
87%
F-18
85%
F-111
77%
F-86
77%
MIG-15
76%
No matching quizzes found
Score Distribution
Percent of People with Each Score
Percentile by Number Answered
Your Score History
You have not taken this quiz since the last reset